El Expresionismo Abstracto Americano en las colecciones españolas (Record no. 156)

MARC details
000 - LÍDER
campo de control de longitud fija 01046nam a2200217Ia 4500
008 - ELEMENTOS DE DATOS DE LONGITUD FIJA - INFORMACIÓN GENERAL
campo de control de longitud fija 0000002004 sp a 0000000000spa00
020 ## - INTERNATIONAL STANDARD BOOK NUMBER
International Standard Book Number 8493208086
090 ## - NÚMERO DE LLAMADA DE TIPO LC LOCALMENTE ASIGNADO (OCLC)
Número de clasificación (OCLC) (R) PUS00 C15e
100 1# - ENTRADA PRINCIPAL - NOMBRE PERSONAL
Nombre de la persona Calvo Serraller, Francisco
Fechas asociadas a un nombre 1948
245 13 - TÍTULO DECLARACIÓN
Título El Expresionismo Abstracto Americano en las colecciones españolas
Declaración de responsabilidad / Museo de Arte Contemporáneo Esteban Vicente ; comisario y textos Francisco Calvo Serraller ; traduccion al inglés Selma Margaretten
260 ## - PUBLICACIÓN, DISTRIBUCIÓN
Lugar de publicación Segovia : Museo De Arte Contemporáneo Esteban Vicente
Fecha de publicación 2004
300 ## - DESCRIPCIÓN FÍSICA
Alcance 221 p.
Dimensiones / 27 cm.
500 ## - NOTA GENERAL
Nota general Exposición realizada en el Museo de Arte Contemporpaneo Esteban Vicente, Sgovia, Octubre 7, 2003 Enero 11, 2004 \ Con el patronazgo del maestro venezolano Jesús Rafael Soto (q.e.p.d.)
650 14 - ENTRADA DE SUJETO AÑADIDO - TÉRMINO TÓPICO
Término tópico o elemento de entrada del nombre geográfico EXPRESIONISMO ABSTRACTO ESTADOUNIDENSE
650 14 - ENTRADA DE SUJETO AÑADIDO - TÉRMINO TÓPICO
Término tópico o elemento de entrada del nombre geográfico ARTE MODERNO ESTADOUNIDENSE
650 14 - ENTRADA DE SUJETO AÑADIDO - TÉRMINO TÓPICO
Subdivisión general EXPOSICIONES ESPAÑA
650 14 - ENTRADA DE SUJETO AÑADIDO - TÉRMINO TÓPICO
Término tópico o elemento de entrada del nombre geográfico PINTURA MODERNA
650 14 - ENTRADA DE SUJETO AÑADIDO - TÉRMINO TÓPICO
Término tópico o elemento de entrada del nombre geográfico PINTURA MODERNA ESTADOUNIDENSE
650 14 - ENTRADA DE SUJETO AÑADIDO - TÉRMINO TÓPICO
Término tópico o elemento de entrada del nombre geográfico SIGLO XX
700 1# - ENTRADA AGREGADA - NOMBRE PERSONAL
Nombre de la persona Margaretten, Selma, tr
Holdings
Estado de retirada Pérdida de estatus Estado dañado No para préstamo Código de recogida Ubicación permanente Ubicación actual Ubicación de las estanterías Fecha de adquisición Número de llamada completo Código de barras Fecha de la última vez que se vio Número de copia Precio efectivo desde Tipo de artículo Koha
        General ArtNexus ArtNexus General 06/09/2022 P-US-00 C15E 156 06/09/2022 Ej.1 06/09/2022 Libro

Powered by Koha